00368 a2200109 4500001001000000005001700010008004100027245007000068100002800138773007500166999001700241ART_3950320260410161821.0260409a 10aLa aplicación de la ley penal tributaria a los tributos locales1 aSemachowicz, Esteban D.0 tDoctrina Penal Tributaria y Económicag- Nº 40 (jun. 2016)wREV4317 c22370d22370